[Event "XLI MIEDZYNARODOWY MEMORIAL LUDWIKA ZAMENHOFA 2022 - open A"]
[Site "Bialystok"]
[Date "1899-12-30"]
[Round "4.19"]
[White "Paprocki, Jaroslaw"]
[Black "Chylewski, Patryk"]
[Result "0-1"]
[WhiteTitle "k++"]
[BlackTitle "IM"]
[WhiteElo "2158"]
[BlackElo "2291"]

1. e4 c5 2. Nf3 d6 3. d4 cxd4 4. Nxd4 Nf6 5. Nc3 a6 6. Be3 e5 7. Nb3 Be6 8. h3
h5 9. Qd2 Nbd7 10. f4 Qc7 11. f5 Bc4 12. Be2 Bxe2 13. Qxe2 b5 14. O-O-O b4 15.
Nd5 Nxd5 16. Rxd5 a5 17. Qb5 a4 18. Na5 a3 19. Qxb4 axb2+ 20. Kxb2 Rb8 21. Rb5
Rxb5 22. Qxb5 Be7 23. Nc6 Bh4 24. Nb4 O-O 25. Nd5 Qd8 26. a4 Nf6 27. a5 Qa8 28.
Bb6 Rb8 29. Ne7+ Kh7 30. Nc6 Rc8 31. Na7 Rb8 32. Nc6 Rc8 33. Ne7 Re8 34. Nd5 Rb8
35. Ka3 Bf2 36. Rb1 Bc5+ 37. Kb3 Nxd5 38. exd5 Qxd5+ 39. Qc4 Qxg2 40. Ka2 Rc8
41. Rb5 Qc6 42. f6 Qd7 43. Bxc5 Qf5 44. Qd3 Qxd3 45. cxd3 dxc5 46. Kb3 gxf6 47.
Kc4 f5 48. a6 f4 49. Rxc5 Rxc5+ 50. Kxc5 f3 51. a7 f2 52. a8=Q f1=Q 53. Qe4+ f5
54. Qxe5 Qxd3 55. Qe7+ Kg6 56. Qe6+ Kg5 57. Qe7+ Kf4 58. Qh4+ Ke3 59. Qxh5 Qd4+
60. Kb5 f4 61. Qh6 Qe5+ 62. Kb4 Ke2 63. h4 Qe4+ 64. Kc5 Qe3+ 65. Kc6 f3 66. Qh5
Qe4+ 67. Kc7 Qf4+ 68. Kb7 Kf1 69. Qg5 Qe4+ 70. Ka7 f2 71. h5 Ke2 72. Qb5+ Qd3
73. Qb2+ Kf3 74. Qf6+ Kg2 75. Qc6+ Qf3 76. Qg6+ Kh1 0-1

[Event "XLI MIEDZYNARODOWY MEMORIAL LUDWIKA ZAMENHOFA 2022 - open A"]
[Site "Bialystok"]
[Date "1899-12-30"]
[Round "4.20"]
[White "Posaskov, Nikita"]
[Black "Paszewski, Mateusz"]
[Result "1/2-1/2"]
[WhiteTitle "k"]
[BlackTitle "FM"]
[WhiteElo "2061"]
[BlackElo "2282"]

1. Nf3 d5 2. d4 c6 3. c4 e6 4. e3 Nf6 5. Bd3 dxc4 6. Bxc4 b5 7. Bd3 Nbd7 8. O-O
Bb7 9. e4 Be7 10. Qe2 a6 11. a4 b4 12. Nbd2 c5 13. e5 Nd5 14. Nb3 cxd4 15. Nfxd4
Nc5 16. Nxc5 Bxc5 17. Nb3 Be7 18. Qg4 Kf8 19. Rd1 h5 20. Qd4 Rc8 21. Bd2 g6 22.
Rac1 Rxc1 23. Rxc1 Kg7 24. Nc5 Ba8 25. Nxa6 Bg5 26. Bf1 Bxd2 27. Qxd2 Qb6 28.
Nc5 h4 29. h3 Rh5 30. Nd7 Qd8 31. Nf6 Rxe5 32. Ng4 Rh5 33. Qd4+ e5 34. Nxe5 Qf6
35. Nf3 Nb6 36. Qxf6+ 1/2-1/2

[Event "XLI MIEDZYNARODOWY MEMORIAL LUDWIKA ZAMENHOFA 2022 - open A"]
[Site "Bialystok"]
[Date "1899-12-30"]
[Round "4.21"]
[White "Salna, Aleksandras"]
[Black "Nasuta, Grzegorz"]
[Result "1/2-1/2"]
[WhiteTitle "k"]
[BlackTitle "GM"]
[WhiteElo "2191"]
[BlackElo "2546"]

1. d4 e6 2. c4 b6 3. Nc3 Bb7 4. a3 Nf6 5. Bg5 Be7 6. Nf3 O-O 7. e3 h6 8. Bh4 d5
9. cxd5 Nxd5 10. Bxe7 Qxe7 11. Rc1 Nxc3 12. Rxc3 Rc8 13. Qc2 Nd7 14. Bb5 c5 15.
Bxd7 Qxd7 16. dxc5 Rxc5 17. Rxc5 bxc5 18. O-O Bxf3 19. gxf3 Rb8 20. Rc1 Qd5 21.
Qe4 Qg5+ 22. Qg4 Qe5 23. b4 cxb4 24. axb4 Qb2 25. Rc4 a5 26. Qf4 Rd8 27. Rc7 Qa1+
28. Kg2 Rd1 29. Qxf7+ Kh7 30. Kg3 Rg1+ 31. Kf4 Rg6 32. Ke4 Qb1+ 33. Ke5 Qb2+ 34.
Kd6 Qxb4+ 35. Kd7 Qb8 36. Qf4 Qb5+ 37. Ke7 Qb8 38. Kd7 Qb5+ 39. Ke7 Qb8 40. Kd7
1/2-1/2

[Event "XLI MIEDZYNARODOWY MEMORIAL LUDWIKA ZAMENHOFA 2022 - open A"]
[Site "Bialystok"]
[Date "1899-12-30"]
[Round "4.22"]
[White "Stremavicius, Pijus"]
[Black "Maj, Pawel"]
[Result "1/2-1/2"]
[WhiteTitle "FM"]
[BlackTitle "k"]
[WhiteElo "2369"]
[BlackElo "2203"]

1. d4 d5 2. c4 c6 3. cxd5 cxd5 4. Bf4 Nf6 5. Nc3 Nc6 6. e3 a6 7. Bd3 e6 8. Nf3
Bd6 9. Bg5 b5 10. O-O Bb7 11. a3 Be7 12. Rc1 Rc8 13. b4 Nd7 14. Bxe7 Qxe7 15.
Nd2 O-O 16. f4 f5 17. g4 Nf6 18. g5 Ne4 19. Bxe4 dxe4 20. Nb3 Nb8 21. Nc5 Bd5
22. Nxd5 exd5 23. Qb3 Qd6 24. Rc3 Rc6 25. Rfc1 Rfc8 26. a4 h6 27. h4 hxg5 28.
hxg5 Nd7 29. a5 Nf8 30. Kg2 Ng6 31. Kg3 Nf8 32. R3c2 Ne6 33. Nxe6 Rxc2 34. Rxc2
Rxc2 35. Qxc2 Qxe6 36. Qc7 g6 37. Qb8+ Kf7 38. Qh8 Ke7 39. Qg7+ Ke8 40. Kf2 Qc6
41. Kg3 Kd8 42. Kh4 Kc8 43. Qa7 Kd8 44. Qc5 Kd7 45. Qf8 Kc7 46. Kg3 Kb7 47. Qd8
Ka7 48. Qe7+ 1/2-1/2

[Event "XLI MIEDZYNARODOWY MEMORIAL LUDWIKA ZAMENHOFA 2022 - open A"]
[Site "Bialystok"]
[Date "1899-12-30"]
[Round "4.23"]
[White "Karolczuk, Iwo"]
[Black "Lach, Aleksandra"]
[Result "1-0"]
[WhiteTitle "FM"]
[BlackTitle "WIM"]
[WhiteElo "2327"]
[BlackElo "2191"]

1. e4 c5 2. Nc3 Nc6 3. Nf3 g6 4. d4 cxd4 5. Nxd4 Bg7 6. Be3 Nf6 7. Nxc6 bxc6 8.
e5 Ng8 9. Bd4 Qa5 10. f4 f6 11. Qe2 fxe5 12. Bxe5 Nf6 13. Qc4 Qb6 14. Bd4 Qc7
15. g3 e6 16. O-O-O O-O 17. Bg2 d5 18. Qa4 Nd7 19. Bxg7 Kxg7 20. Rhe1 Nf6 21.
Bh3 Re8 22. Re5 Qb6 23. Rde1 Rb8 24. Qa3 Kf7 25. Na4 Qb4 26. Qxb4 Rxb4 27. Nc5
h6 28. Bxe6+ Bxe6 29. Rxe6 Rbb8 30. Rxe8 Nxe8 31. Nd7 Rb7 32. Ne5+ Kf6 33. Ng4+
Kf7 34. Nxh6+ Kf8 35. Re6 1-0

[Event "XLI MIEDZYNARODOWY MEMORIAL LUDWIKA ZAMENHOFA 2022 - open A"]
[Site "Bialystok"]
[Date "1899-12-30"]
[Round "4.24"]
[White "Rudzinska, Michalina"]
[Black "Golecki, Jan"]
[Result "1/2-1/2"]
[WhiteTitle "WFM"]
[BlackTitle "k"]
[WhiteElo "2256"]
[BlackElo "2152"]

1. e4 e5 2. Nf3 Nc6 3. d4 exd4 4. Nxd4 Qf6 5. Nf3 Bb4+ 6. c3 Bc5 7. Bd3 Ne5 8.
Be2 Nxf3+ 9. Bxf3 Ne7 10. O-O d6 11. a4 a6 12. Nd2 Nc6 13. Nc4 O-O 14. Ne3 Bxe3
15. Bxe3 Re8 16. Kh1 Qg6 17. Bd4 Ne5 18. Re1 Nxf3 19. gxf3 f6 20. Rg1 Qf7 21.
Qd2 c5 22. Be3 Bd7 23. Qxd6 Bc6 24. Rg3 Re6 25. Qf4 Rae8 26. Rag1 g6 27. R1g2
Rd8 28. h4 Re5 29. Qh6 Be8 30. Bf4 Re6 31. Rg1 a5 32. Kg2 Qg7 33. Qxg7+ Kxg7 34.
h5 g5 35. Be3 b6 36. e5 Rxe5 37. f4 Rf5 38. fxg5 Bxh5 39. gxf6+ Kxf6 40. Kh2 Rdd5
41. Rg7 Bg6 42. Rb7 Rd6 43. Kg3 Rh5 44. Bf4 Rd3+ 45. f3 Be4 46. Rxb6+ Kf7 47.
Rf1 Bf5 48. Be5 Bd7 49. Rd6 Rh3+ 50. Kg2 Rxd6 51. Bxd6 Rh6 52. Bf4 Bh3+ 53. Kg3
Bxf1 54. Bxh6 Bd3 55. Kf4 Ke6 56. Ke3 Bc2 57. Bf4 Bxa4 58. Ke4 Ke5+ 1/2-1/2

[Event "XLI MIEDZYNARODOWY MEMORIAL LUDWIKA ZAMENHOFA 2022 - open A"]
[Site "Bialystok"]
[Date "1899-12-30"]
[Round "4.25"]
[White "Waszczuk, Patrycja"]
[Black "Lehaci, Miruna-daria"]
[Result "1-0"]
[WhiteTitle "WFM"]
[BlackTitle "WIM"]
[WhiteElo "2251"]
[BlackElo "2155"]

1. c4 e6 2. Nf3 d5 3. e3 Nf6 4. Nc3 a6 5. d4 dxc4 6. Bxc4 c5 7. O-O cxd4 8. Nxd4
Bd6 9. Qe2 e5 10. Nc2 e4 11. h3 Qe7 12. Nd4 O-O 13. a4 Bd7 14. Rd1 Bc7 15. b3
Qe5 16. f4 exf3 17. Nxf3 Qg3 18. Qf2 Qg6 19. Nd5 Nxd5 20. Rxd5 h6 21. Nh4 Qc6
22. Ba3 b5 23. Bxf8 bxc4 24. Rc5 Qb6 25. a5 Qa7 26. Be7 Nc6 27. Rf1 f6 28. Qf3
Re8 29. Qd5+ Kh7 30. Qe4+ Kg8 31. Qxc4+ Kh7 32. Bxf6 Rxe3 33. Kh1 Bxh3 34. Nf3
gxf6 35. Qf7+ Kh8 36. Qxf6+ Kg8 37. Qg6+ 1-0

[Event "XLI MIEDZYNARODOWY MEMORIAL LUDWIKA ZAMENHOFA 2022 - open A"]
[Site "Bialystok"]
[Date "1899-12-30"]
[Round "4.26"]
[White "Zalega, Maciej"]
[Black "Lukasiewicz, Krzysztof"]
[Result "0-1"]
[WhiteTitle "I++"]
[BlackTitle "FM"]
[WhiteElo "2116"]
[BlackElo "2250"]

1. e4 c6 2. d4 d5 3. f3 dxe4 4. fxe4 e5 5. Nf3 Nd7 6. Bc4 Bd6 7. Ng5 Nh6 8. O-O
O-O 9. c3 b5 10. Bb3 c5 11. Bd5 Rb8 12. Nh3 Nb6 13. Bxh6 Nxd5 14. Bg5 f6 15. dxe5
Bxe5 16. exd5 fxg5 17. Rxf8+ Kxf8 18. Qd3 Kg8 19. Nd2 Bb7 20. Nf3 Bf6 21. Nf2
Bxd5 22. Ng4 Be6 23. Nxf6+ gxf6 24. Qe3 Qd5 25. h4 h6 26. hxg5 hxg5 27. Qe2 Qc6
28. Rd1 Re8 29. Qc2 Kg7 30. Rd2 a6 31. Rf2 Qd6 32. Qc1 Bf7 33. Nh2 Rh8 34. Nf1
Bc4 35. Rd2 Qe6 36. Qd1 Re8 37. Rd6 Qe1 38. Rd7+ Kg6 39. Qc2+ Re4 40. Rd1 Qe2
41. Qc1 Rf4 42. Qb1+ Kh6 43. Nh2 Bxa2 44. Qc1 Qf2+ 45. Kh1 Rh4 46. Rd3 Qf4 47.
Qg1 Bc4 48. Rd8 Kg7 49. Rd7+ Kg8 50. Rd8+ Kf7 51. Rd7+ Ke6 52. Rd8 Bd5 53. Qe1+
Be4 54. Qg1 g4 55. Re8+ Kf7 56. Rxe4 Qxe4 57. Qd1 g3 0-1

[Event "XLI MIEDZYNARODOWY MEMORIAL LUDWIKA ZAMENHOFA 2022 - open A"]
[Site "Bialystok"]
[Date "1899-12-30"]
[Round "4.27"]
[White "Chyzy, Jakub"]
[Black "Kaczmarek, Arkadiusz"]
[Result "1/2-1/2"]
[WhiteTitle "FM"]
[BlackTitle "I++"]
[WhiteElo "2247"]
[BlackElo "2141"]

1. e4 c5 2. Nf3 e6 3. d4 cxd4 4. Nxd4 Nc6 5. Nc3 a6 6. Be2 d6 7. Be3 Nf6 8. O-O
Be7 9. f4 O-O 10. Qe1 Nxd4 11. Bxd4 b5 12. Qg3 Bb7 13. a3 g6 14. Bd3 a5 15. Rae1
b4 16. axb4 axb4 17. Nd1 d5 18. e5 Ne4 19. Qh3 Bc5 20. Bxc5 Nxc5 21. Ne3 f5 22.
exf6 Qxf6 23. Ng4 Qxb2 24. f5 Qd4+ 25. Kh1 h5 26. Ne5 Nxd3 27. cxd3 Rxf5 28. Qg3
Qxe5 29. Qxe5 Rxe5 30. Rxe5 Ra6 31. Re2 Rb6 32. Rf6 Ba6 33. Rexe6 Rxe6 34. Rxe6
Bxd3 35. Rb6 Kf7 36. Kg1 Bc2 37. Rxb4 Kf6 38. Kf2 Ke5 39. Ke3 Be4 40. g3 Bf5 41.
Rb5 Be4 42. Rb8 d4+ 43. Ke2 Kd5 44. Rd8+ Kc4 45. Kd2 Bf5 46. Rd6 Kc5 47. Rd8 Kc4
1/2-1/2

[Event "XLI MIEDZYNARODOWY MEMORIAL LUDWIKA ZAMENHOFA 2022 - open A"]
[Site "Bialystok"]
[Date "1899-12-30"]
[Round "4.28"]
[White "Dzhuguryan, Tygran"]
[Black "Mihov, Filip"]
[Result "1/2-1/2"]
[WhiteTitle "k+"]
[BlackTitle "k"]
[WhiteElo "2134"]
[BlackElo "2247"]

1. d4 f5 2. c4 Nf6 3. Nc3 d6 4. Nf3 g6 5. b4 Bg7 6. Bb2 O-O 7. Qb3 Qe8 8. e3 Kh8
9. Be2 e5 10. dxe5 dxe5 11. O-O c6 12. Rad1 Nbd7 13. c5 e4 14. Ng5 Qe7 15. Rd6
Ne8 16. Ne6 Ndf6 17. Nxf8 Nxd6 18. Nxg6+ hxg6 19. cxd6 Qxd6 20. Bc4 Qe7 21. Rd1
b5 22. Bf7 Kh7 23. Ne2 Nh5 24. Bg8+ Kh6 25. Bxg7+ Kxg7 26. Nd4 Nf6 27. Be6 Bxe6
28. Qxe6 Qxe6 29. Nxe6+ Kg8 30. Rd8+ Rxd8 31. Nxd8 Nd5 32. Nxc6 Nc3 33. Nxa7 Nxa2
34. Nxb5 Nxb4 35. g4 Kf7 36. Kg2 Kf6 37. gxf5 gxf5 38. Nd4 Nd3 39. Kg3 Ne5 40.
Ne2 Nd3 41. Nf4 Ne5 42. h4 Nd3 43. f3 Nc5 44. Nd5+ Ke5 45. Nc3 exf3 46. Kxf3 Kf6
47. Nd5+ Kg6 48. Nf4+ Kf6 49. Nh5+ Kg6 50. Ng3 1/2-1/2

[Event "XLI MIEDZYNARODOWY MEMORIAL LUDWIKA ZAMENHOFA 2022 - open A"]
[Site "Bialystok"]
[Date "1899-12-30"]
[Round "4.29"]
[White "Janeczko, Jakub"]
[Black "Baginskaite, Kamile"]
[Result "1/2-1/2"]
[WhiteTitle "I++"]
[BlackTitle "WGM"]
[WhiteElo "2247"]
[BlackElo "2117"]

1. e4 c5 2. d3 Nc6 3. g3 d5 4. exd5 Qxd5 5. Nf3 Bg4 6. Bg2 Nd4 7. Nbd2 Qe6+ 8.
Kf1 Nxf3 9. Nxf3 Bh3 10. Be3 Bxg2+ 11. Kxg2 Qc6 12. Re1 Nf6 13. Kg1 e6 14. d4
Be7 15. Ne5 Qc7 16. Bf4 Qd8 17. Qf3 Qd5 18. c4 Qxf3 19. Nxf3 cxd4 20. Nxd4 a6
21. Nb3 O-O-O 22. Rac1 Bd6 23. Bd2 b6 24. a4 Nd7 25. a5 Nc5 26. Nxc5 bxc5 27.
Bc3 Rhg8 28. Re4 Be7 29. Rce1 Kb7 30. Rf4 Rdf8 31. b4 Kc6 32. b5+ axb5 33. cxb5+
Kxb5 34. Rb1+ Ka6 35. Rb6+ Ka7 36. Rc6 Kb7 37. Rb6+ Ka7 38. Be5 f6 39. Rxe6 Rf7
40. Rc6 Bd8 41. Rxc5 Ka6 42. Bc3 Rc7 43. Rfc4 Rxc5 44. Rxc5 Re8 45. Rc6+ Kb7 46.
Rd6 Kc7 47. Rb6 Re4 48. Bd2 Ra4 49. Bf4+ Kd7 50. Rd6+ Ke7 51. Rd2 Bxa5 52. Rb2
Rb4 53. Ra2 Rb5 54. Kg2 Bb6 55. h4 g5 56. Bd2 h5 57. Bc3 Rb3 58. Ba1 g4 59. Ra6
Kf7 60. Ra2 Kg6 61. Rc2 Rf3 62. Bb2 Rf5 63. Re2 Kf7 64. Bc1 Rf3 65. Bd2 Bd4 66.
Be1 Kg6 67. Re4 Bc5 68. Rc4 Bb6 69. Kf1 Rf5 70. Kg2 Rf3 71. Kf1 1/2-1/2

[Event "XLI MIEDZYNARODOWY MEMORIAL LUDWIKA ZAMENHOFA 2022 - open A"]
[Site "Bialystok"]
[Date "1899-12-30"]
[Round "4.30"]
[White "Sowinski, Pawel"]
[Black "Smolka, Marcin"]
[Result "1-0"]
[WhiteTitle "k"]
[BlackTitle "CM"]
[WhiteElo "2064"]
[BlackElo "2217"]

1. c4 c5 2. Nf3 Nc6 3. d4 cxd4 4. Nxd4 Nf6 5. Nc3 g6 6. e4 d6 7. f3 Bg7 8. Be3
O-O 9. Be2 Bd7 10. O-O a5 11. b3 Nxd4 12. Bxd4 Bc6 13. Qd2 Nd7 14. Be3 f5 15.
exf5 gxf5 16. Rac1 Nc5 17. Rfe1 Qe8 18. Nd5 Qf7 19. Bf1 Bxd5 20. Qxd5 Qxd5 21.
cxd5 Bf6 22. g3 b6 23. Rc2 Kg7 24. Bb5 Kg6 25. Kg2 Rac8 26. Rec1 Bg5 27. f4 Bf6
28. a3 Ra8 29. Bc6 Nxb3 30. Rb1 Nd4 31. Bxd4 Bxd4 32. Bxa8 Rxa8 33. Rc7 Kf7 34.
a4 Bc5 35. Re1 Re8 36. Kf3 b5 37. axb5 a4 38. Rb7 a3 39. b6 a2 40. Ra7 Bxb6 41.
Rxa2 Bd4 42. Ra4 Bf6 43. Ra7 Rc8 44. Re6 Rc2 45. Ke3 Rxh2 46. Rxd6 Rg2 47. Kf3
Rb2 48. Re6 Rb5 49. Rd6 Rb2 50. Rad7 Bd4 51. g4 Rb3+ 52. Kg2 fxg4 53. Re6 Rb2+
54. Kg3 h5 55. Rdxe7+ Kf8 56. d6 Bf2+ 57. Kg2 Bc5+ 58. Re2 Rxe2+ 59. Re6 Re3 60.
Rxe3 Bxd6 61. Re6 Bb4 62. Rh6 Be1 63. Rxh5 g3 64. Rh7 Bf2 65. Kf3 Kg8 66. Rc7
Kf8 67. f5 Kg8 68. Rc6 Kf7 69. Rg6 Ke7 70. Kf4 Kf7 71. Ke5 Be1 72. Rf6+ Ke7 73.
Re6+ Kf7 74. Rc6 Bf2 75. Rc7+ Kf8 76. f6 g2 77. Ke6 Kg8 78. Rg7+ 1-0

[Event "XLI MIEDZYNARODOWY MEMORIAL LUDWIKA ZAMENHOFA 2022 - open A"]
[Site "Bialystok"]
[Date "1899-12-30"]
[Round "4.31"]
[White "Backiel, Hubert"]
[Black "Wojdak, Jan"]
[Result "1-0"]
[WhiteTitle "k"]
[BlackTitle "k"]
[WhiteElo "2208"]
[BlackElo "2115"]

1. e4 e5 2. Nf3 Nc6 3. Bb5 Nge7 4. O-O Ng6 5. c3 d5 6. Qa4 dxe4 7. Bxc6+ bxc6 8.
Qxc6+ Bd7 9. Qxe4 f5 10. Qd5 c6 11. Qc4 Qf6 12. Re1 Be7 13. d4 e4 14. Bg5 Qd6
15. Bxe7 Kxe7 16. Ng5 Qd5 17. Nd2 Qxc4 18. Nxc4 Kf6 19. Nh3 Be6 20. Na5 Ne7 21.
Nf4 Bf7 22. Ne2 g5 23. c4 Rac8 24. b3 Ng6 25. Nb7 Rc7 26. Nc5 Nf4 27. Nxf4 gxf4
28. f3 e3 29. Rad1 Rd8 30. Kf1 Bh5 31. Ke2 Rg8 32. Rg1 Rcg7 33. g3 fxg3 34. hxg3
Rxg3 35. Rxg3 Rxg3 36. Rf1 Rg2+ 37. Kxe3 Rxa2 38. Re1 Rh2 39. Ra1 Rh3 40. Nd7+
Kg5 41. Ne5 a5 42. Rf1 Be8 43. Rg1+ Kf6 44. Ra1 Rh2 45. Rxa5 Rb2 46. Ra8 Rxb3+
47. Kf4 Ke7 48. Kxf5 Bg6+ 49. Kf4 Rb6 50. Rc8 Be8 51. Rc7+ Kd8 52. Rxh7 Rb1 53.
Rh6 Rd1 54. Rd6+ Ke7 55. c5 Rd2 56. Kf5 Kf8 57. Ke4 Re2+ 58. Kd3 Rf2 59. Ke3 Ra2
60. Nxc6 1-0

[Event "XLI MIEDZYNARODOWY MEMORIAL LUDWIKA ZAMENHOFA 2022 - open A"]
[Site "Bialystok"]
[Date "1899-12-30"]
[Round "4.32"]
[White "Jarzebowski, Kacper"]
[Black "Krzywda, Andrzej"]
[Result "1-0"]
[WhiteTitle "k+"]
[BlackTitle "CM"]
[WhiteElo "2086"]
[BlackElo "2262"]

1. Nf3 c5 2. g3 Nc6 3. Bg2 g6 4. O-O Bg7 5. d3 e5 6. c3 Nge7 7. a3 d6 8. b4 a6
9. Nbd2 b6 10. e4 O-O 11. Nc4 h6 12. Be3 f5 13. Qc1 b5 14. Na5 Nxa5 15. bxa5 f4
16. gxf4 exf4 17. Bxf4 g5 18. Bg3 Bg4 19. Qe3 Bxf3 20. Bxf3 Bxc3 21. Rac1 Bd4
22. Qe2 Ng6 23. Qa2+ Kg7 24. Bg4 Ne5 25. Bf5 Ra7 26. Kh1 Kh8 27. Qe2 Rg7 28. Qh5
Qf6 29. Rcd1 Nf7 30. f4 gxf4 31. Rxf4 Rfg8 32. Rdf1 Qg5 33. Qh3 Ne5 34. Rh4 Be3
35. Rh5 Qf6 36. Be6 Qg6 37. Bxg8 Kxg8 38. Rhf5 Ng4 39. Qg2 Bd4 40. Qa2+ Kh7 41.
Rf7 c4 42. Rxg7+ Kxg7 43. Qe2 c3 44. Bxd6 Kh7 45. Bf4 Qe6 46. Qg2 Qc8 47. e5 Qf5
48. h3 Nxe5 49. Bxe5 Qxe5 50. Rf7+ Kh8 51. Qa8+ 1-0

[Event "XLI MIEDZYNARODOWY MEMORIAL LUDWIKA ZAMENHOFA 2022 - open A"]
[Site "Bialystok"]
[Date "1899-12-30"]
[Round "4.33"]
[White "Psyk, Radoslaw"]
[Black "Raczek, Krzysztof"]
[Result "1-0"]
[WhiteTitle "k++"]
[BlackTitle "k"]
[WhiteElo "2438"]
[BlackElo "2161"]

1. e4 c5 2. Nc3 Nc6 3. Nge2 d6 4. g3 g6 5. Bg2 Bg7 6. d3 e6 7. Be3 Nd4 8. Qd2 Ne7
9. Nd1 Nec6 10. c3 Nxe2 11. Qxe2 b6 12. h4 h5 13. f4 Qc7 14. O-O Ba6 15. Nf2 O-O-O
16. Rac1 Kb8 17. a3 c4 18. d4 d5 19. f5 Qxg3 20. exd5 exd5 21. Ne4 Qg4 22. Bf4+
Be5 23. Qxg4 hxg4 24. dxe5 dxe4 25. Bxe4 Ne7 26. e6+ Kc8 27. Bg5 Nxf5 28. Bxd8
Kxd8 29. exf7 Bc8 30. h5 Ke7 31. hxg6 Ng7 32. Bd5 Bf5 33. Rce1+ Kf6 34. Rxf5+
Kxf5 35. Rf1+ Ke5 36. f8=Q Rxf8 37. Rxf8 Kxd5 38. Rf7 Ne6 39. g7 Nxg7 40. Rxg7
a5 41. Rxg4 1-0

[Event "XLI MIEDZYNARODOWY MEMORIAL LUDWIKA ZAMENHOFA 2022 - open A"]
[Site "Bialystok"]
[Date "1899-12-30"]
[Round "4.34"]
[White "Dwilewicz, Katarzyna"]
[Black "Rozycki, Bartlomiej"]
[Result "1/2-1/2"]
[WhiteTitle "WFM"]
[BlackTitle "k++"]
[WhiteElo "2123"]
[BlackElo "2196"]

1. e4 c6 2. Nc3 d5 3. Nf3 Bg4 4. h3 Bxf3 5. Qxf3 e6 6. Be2 Nd7 7. d4 dxe4 8. Nxe4
Ngf6 9. Nd2 Be7 10. O-O O-O 11. Nc4 Nd5 12. a4 Bf6 13. c3 a5 14. Bd3 c5 15. Qe4
g6 16. Bh6 Bg7 17. Bxg7 Kxg7 18. dxc5 Qc7 19. Qd4+ Kg8 20. Ne3 Nxe3 21. Qxe3 Qxc5
22. Qxc5 Nxc5 23. Bc2 Rfd8 24. Rfd1 Kf8 25. Kf1 Ke7 26. Ke2 b6 27. f4 h5 28. g3
Rac8 29. h4 f5 30. Ke3 Kf6 31. Rab1 e5 32. fxe5+ Kxe5 33. Rxd8 Rxd8 34. b4 Ne4
35. Bxe4 fxe4 36. bxa5 Rd3+ 37. Kf2 bxa5 38. Rb5+ Ke6 39. c4 Rf3+ 40. Ke2 Rxg3
41. Rxa5 Rh3 42. Rb5 Rxh4 43. Ke3 Rh1 44. Kxe4 Ke5+ 1/2-1/2

[Event "XLI MIEDZYNARODOWY MEMORIAL LUDWIKA ZAMENHOFA 2022 - open A"]
[Site "Bialystok"]
[Date "1899-12-30"]
[Round "5.2"]
[White "Klimkowski, Jan"]
[Black "Bernadskiy, Vitaliy"]
[Result "0-1"]
[WhiteTitle "FM"]
[BlackTitle "GM"]
[WhiteElo "2447"]
[BlackElo "2617"]

1. e4 e5 2. Nf3 Nc6 3. Bb5 a6 4. Ba4 Nf6 5. O-O b5 6. Bb3 Bc5 7. a4 Rb8 8. c3 d6
9. d4 Bb6 10. h3 O-O 11. Be3 Bb7 12. axb5 axb5 13. Nbd2 exd4 14. cxd4 Nb4 15.
Qb1 c5 16. d5 c4 17. Bc2 Bxe3 18. fxe3 Nd7 19. Nd4 Ne5 20. N2f3 Bc8 21. Qe1 Nxc2
22. Nxc2 Nd3 23. Qc3 Qe7 24. Qd4 Re8 25. Ra7 Rb7 26. Ra8 Bd7 27. Rxe8+ Bxe8 28.
Nce1 Nc1 29. Qd1 Nb3 30. e5 Rd7 31. Nd3 dxe5 32. e4 f6 33. Nc1 Nc5 34. Nd2 Ra7
35. Qg4 Bd7 36. Qg3 Ra1 37. Qc3 Nb7 38. Kh2 h6 39. b3 Qa3 40. Qc2 Nc5 41. bxc4
b4 42. Nb1 Qe3 43. Qb2 Ra4 44. Rf3 Qxe4 45. Nd2 Qh4 46. Ncb3 Nxb3 47. Qxb3 e4
48. Rf1 Ra3 49. Qxb4 Qg3+ 50. Kh1 Bxh3 51. Rg1 Ra1 52. Nb1 Ra2 53. Nd2 e3 0-1

[Event "XLI MIEDZYNARODOWY MEMORIAL LUDWIKA ZAMENHOFA 2022 - open A"]
[Site "Bialystok"]
[Date "1899-12-30"]
[Round "5.3"]
[White "Malek, Jan"]
[Black "Krzyzanowski, Marcin"]
[Result "0-1"]
[WhiteTitle "m"]
[BlackTitle "GM"]
[WhiteElo "2376"]
[BlackElo "2538"]

1. e4 c5 2. c3 Nf6 3. e5 Nd5 4. Nf3 d6 5. Bb5+ Nc6 6. O-O e6 7. c4 Nc7 8. Bxc6+
bxc6 9. Nc3 Be7 10. d4 d5 11. Be3 cxd4 12. Nxd4 Qd7 13. Qg4 O-O 14. Rfd1 f5 15.
Qg3 Kh8 16. b3 Qe8 17. cxd5 exd5 18. Na4 c5 19. Ne2 d4 20. Bd2 Ba6 21. Nf4 g5
22. Nd3 Ne6 23. Nab2 f4 24. Qf3 Rb8 25. h4 gxh4 26. Qe2 Qg6 27. Kh2 Rg8 28. Rg1
Rbf8 29. Raf1 Qf5 30. Nc4 Rxg2+ 31. Rxg2 f3 0-1

[Event "XLI MIEDZYNARODOWY MEMORIAL LUDWIKA ZAMENHOFA 2022 - open A"]
[Site "Bialystok"]
[Date "1899-12-30"]
[Round "5.4"]
[White "Baum, Jonasz"]
[Black "Markowski, Tomasz"]
[Result "0-1"]
[WhiteTitle "IM"]
[BlackTitle "GM"]
[WhiteElo "2420"]
[BlackElo "2519"]

1. d4 e6 2. c4 Nf6 3. g3 Bb4+ 4. Nd2 O-O 5. Bg2 d5 6. Ngf3 b6 7. O-O Bb7 8. Ne5
Qc8 9. a3 Bxd2 10. Qxd2 dxc4 11. Nxc4 Rd8 12. Qc3 Bxg2 13. Kxg2 Qb7+ 14. f3 Nbd7
15. e4 c5 16. Be3 cxd4 17. Bxd4 Ne8 18. Qb4 Nb8 19. Bf2 Nc6 20. Qc3 Rac8 21. Rfd1
Qa6 22. Ne3 Nd4 23. Qd3 Qxd3 24. Rxd3 e5 25. Rad1 Kf8 26. f4 Nc6 27. Rxd8 Rxd8
28. Rxd8 Nxd8 29. Nc4 exf4 30. gxf4 Ke7 31. Kf3 Nc6 32. e5 Ke6 33. Ke4 f5+ 34.
Kd3 Nc7 35. Be3 Nd5 36. Bd2 b5 37. Nd6 Nc7 38. h4 g6 39. a4 bxa4 40. Kc4 Nd5 41.
Kc5 Nb8 42. Nb5 Nd7+ 43. Kc6 Ne7+ 44. Kc7 Nc5 45. Kd8 Nc6+ 46. Ke8 Kd5 47. Nc7+
Ke4 48. e6 Kd3 49. Be1 Ke3 50. e7 Kxf4 51. Nd5+ Ke4 52. Kf7 Nxe7 53. Nf6+ Kd3
54. Kxe7 Ke2 55. Bg3 Nd3 56. Bb8 f4 57. Bxa7 f3 58. Bd4 Kd2 59. Nd5 Nxb2 60. Nb4
a3 61. Kf6 Nd3 62. Na2 f2 63. Bxf2 Nxf2 64. Kg7 Nd3 65. Kxh7 Kc2 66. Kxg6 Kb3
67. h5 Nf4+ 68. Kf5 Nxh5 69. Nc1+ Kb2 70. Nd3+ Kc3 71. Nc1 Ng3+ 72. Ke5 Kc2 73.
Na2 Ne2 74. Nb4+ Kb3 0-1

[Event "XLI MIEDZYNARODOWY MEMORIAL LUDWIKA ZAMENHOFA 2022 - open A"]
[Site "Bialystok"]
[Date "1899-12-30"]
[Round "5.5"]
[White "Kosakowski, Jakub"]
[Black "Seemann, Jakub"]
[Result "1-0"]
[WhiteTitle "IM"]
[BlackTitle "FM"]
[WhiteElo "2475"]
[BlackElo "2365"]

1. e4 c5 2. Nf3 d6 3. d4 cxd4 4. Nxd4 Nf6 5. Nc3 a6 6. Be2 e5 7. Nb3 Be7 8. O-O
O-O 9. Be3 Be6 10. Re1 Nbd7 11. a4 Qc7 12. a5 Rfc8 13. Qd2 Nc5 14. Nxc5 dxc5 15.
Bf3 Rd8 16. Qe2 h6 17. Na4 Rab8 18. h3 Qc6 19. c4 Nd7 20. Nc3 Bg5 21. Bxg5 hxg5
22. Nd5 Bxd5 23. cxd5 Qd6 24. Rec1 b5 25. axb6 Rxb6 26. Rc2 Rdb8 27. Qd2 Nf6 28.
Qc1 Rb5 29. Ra2 R8b6 30. Qxg5 Rb4 31. Qe3 R6b5 32. Qa3 Nxe4 33. Qxa6 Qxa6 34.
Rxa6 Nf6 35. Be2 Rb6 36. Rxc5 Rxa6 37. Bxa6 Rxb2 38. d6 Rd2 39. Rxe5 Rxd6 40.
Bc4 Rd7 41. g3 g6 42. Kg2 Kg7 43. Bb3 Rb7 44. Re3 Ra7 45. g4 Rc7 46. Kf3 Rb7 47.
Kg3 Rc7 48. f3 Ra7 49. Re5 Rb7 50. Bc4 Rc7 51. Be2 Ra7 52. h4 Rc7 53. Ra5 Re7
54. Bc4 Rc7 55. Ba2 Rb7 56. Ra4 Rc7 57. Ra6 Rb7 58. Kf4 Re7 59. Ra5 Kf8 60. Ra8+
Kg7 61. Ra6 Ne8 62. h5 gxh5 63. gxh5 f6 64. Kg4 Kh6 65. Bb1 Kg7 66. Bf5 Nc7 67.
Rd6 Ne8 68. Rd8 Nc7 69. f4 Nb5 70. Bg6 Nc7 71. Kf5 Ne6 72. Rd6 Nf8 73. Rxf6 Ra7
74. Rc6 Nd7 75. Kg5 Nf8 76. h6+ Kg8 77. Rc8 1-0

[Event "XLI MIEDZYNARODOWY MEMORIAL LUDWIKA ZAMENHOFA 2022 - open A"]
[Site "Bialystok"]
[Date "1899-12-30"]
[Round "5.6"]
[White "Vardanyan, Aras"]
[Black "Licznerski, Lukasz"]
[Result "1-0"]
[WhiteTitle "CM"]
[BlackTitle "IM"]
[WhiteElo "2271"]
[BlackElo "2441"]

1. e4 c6 2. Nc3 d5 3. Nf3 Nf6 4. e5 Ne4 5. Ne2 Qb6 6. d4 e6 7. Ng3 c5 8. Bd3 Nxg3
9. fxg3 h6 10. O-O Nc6 11. g4 Be7 12. Kh1 Nxd4 13. Nxd4 cxd4 14. a3 Bd7 15. Qf3
Rf8 16. b4 O-O-O 17. Qe2 Kb8 18. a4 Bxb4 19. a5 Qc5 20. a6 b6 21. g5 hxg5 22.
Bxg5 Rc8 23. Qh5 Ka8 24. Rab1 Ba3 25. Qh7 Qc7 26. Qxg7 Rg8 27. Qf6 Rce8 28. Qf4
Be7 29. Bxe7 Rxe7 30. Qxd4 Bc6 31. Rf2 Rg5 32. Re1 Re8 33. Qf4 Reg8 34. Qxf7 Qxf7
35. Rxf7 Rxg2 36. Rc7 Ba4 37. Bh7 R2g7 38. Rxg7 Rxg7 39. Rg1 Rxg1+ 40. Kxg1 Kb8
41. h4 Kc7 42. h5 Kd7 43. h6 Ke7 44. Bd3 Kf7 45. Kf2 b5 46. c3 d4 47. cxd4 b4
48. Ke3 Bb3 49. Kd2 Bd5 50. Kc1 Kf8 51. Kb2 Kf7 52. Bc2 Bc4 53. Bb3 Bd3 54. Ba2
Be2 55. Bxe6+ Kg6 56. Bd7 Kxh6 57. e6 Bg4 58. Kb3 Kg7 59. Kxb4 Kf6 60. Kc5 Ke7
61. d5 1-0

[Event "XLI MIEDZYNARODOWY MEMORIAL LUDWIKA ZAMENHOFA 2022 - open A"]
[Site "Bialystok"]
[Date "1899-12-30"]
[Round "5.7"]
[White "Bogdanov, Egor"]
[Black "Heberla, Bartlomiej"]
[Result "1-0"]
[WhiteTitle "IM"]
[BlackTitle "GM"]
[WhiteElo "2381"]
[BlackElo "2568"]

1. e4 e5 2. Bc4 Nf6 3. d3 Nc6 4. Nc3 Na5 5. Qf3 c6 6. Nge2 b5 7. Bb3 d6 8. h3 Be7
9. g4 Nxb3 10. axb3 d5 11. Ng3 dxe4 12. dxe4 g6 13. Bh6 Nd7 14. Rd1 Qc7 15. O-O
Bb7 16. Rd2 f6 17. Rfd1 Rd8 18. g5 fxg5 19. Nf5 Bf6 20. Nd6+ Ke7 21. Bg7 Rhf8
22. Bxf8+ Nxf8 23. Ndxb5 cxb5 24. Rxd8 1-0